Helmi visa - Statistics

General Stats
  • This quiz has been taken 8 times
  • The average score is 7 of 24
Answer Stats
Hint Answer % Correct
pituus 155
75%
lempiväri sininen
75%
allerginen maito
50%
lempijuoma pepsimax
50%
sisko 1 sanni
50%
harrastus tanssi
50%
sisko 2 vilma
50%
comfort movie 10 things i hate about you
25%
syntymäpäivä 3.3.2008
25%
jalan koko 36,5
25%
työpaikka cittari
25%
pehmolelun nimi hau
25%
koko nimi Helmi Aliisa Kunnari
25%
lempi f1 kuski lando norris
25%
iskä marko
25%
äiti minna
25%
lempiruoka pizza
25%
hajuvedet mitä käytän polo
25%
* valentino
25%
* billionairehelge
0%
celebrity crush drew starkey
0%
tiktok käyttäjänimet hegemania
0%
mummin nimi inkeri
0%
* olympea
0%
No matching quizzes found
Score Distribution
Percent of People with Each Score
Percentile by Number Answered
Your Score History
You have not taken this quiz